| 000 | 00729nam a2200217 i 4500 | ||
|---|---|---|---|
| 001 | 44321 | ||
| 003 | ES-MaACL | ||
| 007 | t| | ||
| 008 | 030321s1979 xxk ||||1| eng d | ||
| 020 | _a0-289-70869-9 | ||
| 100 | 1 |
_aCieslik, Jüngen. _938794 |
|
| 245 | 1 | 0 |
_aDolls _b: european dolls 1800-1930 / _cJüngen and Marianne Cieslik ; [traslation Roberta Bailey]. |
| 260 |
_aLondon : _bStudio Vista, _c[1979] |
||
| 300 |
_a160 p. : _bil. ; _c20 cm. |
||
| 490 | 1 | _aChristie's South Kensington collectors'guides | |
| 700 | 1 |
_aBailey, Jüngen. _924696 |
|
| 700 | 1 |
_aCieslik, Marianne. _938795 |
|
| 830 | 0 |
_aChristie's South Kensington collectors'guides _9182011 |
|
| 852 |
_aES-MaACL _jL-8848 _bR.108564 |
||
| 999 |
_c44321 _d44321 |
||